[Event "32nd Reykjavik Open 2017"]
[Site "Reykjavik"]
[Date "2017.04.27"]
[Round "10"]
[White "Gupta, Abhijeet"]
[Black "Jobava, Baadur"]
[Result "1-0"]
[WhiteElo "2607"]
[BlackElo "2712"]
[Annotator "TA"]
[PlyCount "129"]
[EventDate "2017.??.??"]
[EventType "swiss"]
[EventCountry "ISL"]
[SourceTitle "playchess.com"]
[Source "ChessBase"]
[SourceQuality "1"]

{[%evp 19,129,-16,0,0,0,-9,-23,-10,0,-13,0,0,0,0,17,-4,0,0,0,0,0,0,0,0,0,0,0,0,0,0,0,0,0,0,0,0,6,0,0,0,179,52,164,54,54,56,52,49,59,47,101,110,141,153,143,116,647,648,640,617,375,0,0,0,0,0,0,0,0,0,0,0,0,0,0,0,162,14,941,934,12804,29954,29951,2068,2329,1910,29965,29965,29963,8009,6002,1257,29964,29965,29967,29968,29967,29967,29969,29971,29969,29972,29972,29972,29962,29959,29965,29965,29981,29982,29982,29983]} 1. d4 d5 2. c4 c6 3. Nf3 Nf6 4. Nc3 dxc4 5. a4 a5 6. e3 {D16: Slav Defence: 5 a4: Lines with 5...Bg4 and 5...Na6} Bg4 7. Bxc4 e6 8. h3 Bh5 9. g4 Bg6 10. Ne5 Nbd7 {LiveBook: 3 Games. With the idea ...Nxe5.} 11. Nxg6 hxg6 12. Qf3 $146 (12. Bf1 Bb4 13. Bg2 Nd5 {½-½ (32) Wojtaszek,R (2635)-Sergeev,V (2507) Czechia 2007}) 12... Bb4 13. Bd2 Qe7 14. Bb3 O-O-O 15. O-O-O Ne8 16. Kb1 Nd6 17. Qe2 g5 18. Rc1 Kb8 19. Na2 Bxd2 20. Qxd2 e5 21. Qxa5 (21. d5 Nc5 $1 {[%mdl 512]} 22. Bc2 (22. Rxc5 $2 Ne4 23. Qc2 Nxc5 24. dxc6 Rh6 $19) 22... Nc4 $17) 21... exd4 22. exd4 Qe4+ 23. Ka1 $1 Qxd4 24. Rhd1 Qf4 25. Nb4 {Strongly threatening Rxc6!} Rc8 $1 26. Nd3 Qf6 27. f4 Rxh3 28. fxg5 Qd4 29. Rc3 Ne4 $2 {[#]} (29... Qb6 $1 $11 30. Qxb6 Nxb6) 30. Rc4 $40 {[%mdl 128] White is up to no good.} ({White should play} 30. Nf2 $1 $18 {[%mdl 512]} Qxf2 31. Rxh3) 30... Qe3 {[#]} (30... Qd5 $1 $14 31. Qxd5 cxd5 32. Rxc8+ Kxc8) 31. Rxe4 $1 {[%mdl 512]} ({Better is} 31. Ne5 $18 Nxe5 32. Qxe5+ Ka7 33. Bc2 (33. Rxe4 Qxb3 34. Qc5+ Ka8 $11)) 31... Qxe4 $14 32. Nf2 Qf3 (32... b6 $2 33. Qa6 (33. Nxe4 bxa5 34. Rxd7 Rxb3 $17) 33... Qe8 34. Nxh3 $18) 33. Nxh3 Qxh3 34. Qb4 Ne5 (34... Nc5 $14 35. Qf4+ (35. Qxc5 Qxb3 36. Qe5+ Ka8 37. Qa5+ Kb8 38. Qe5+ Ka8 39. Qa5+ Kb8 40. Qe5+ $11) (35. Bxf7 Qf3 36. Qd4 Qxf7 $14) 35... Ka8 36. Bxf7 Rh8) 35. Ka2 $1 $16 Qg3 36. Qd6+ Ka7 37. Rc1 {And now Rc5 would win.} b6 $2 {[%mdl 8192] [#]} (37... f6 $16) 38. a5 $1 $18 {[%mdl 512]} Qe3 (38... bxa5 39. Rc5) 39. Rc3 Qxg5 {[#]} 40. Bd5 $2 (40. Bxf7 $1 $18 {[%mdl 512]} Nxf7 41. axb6+ Kb7 42. Qd7+ Kxb6 43. Rb3+ (43. Qxf7 Ra8+ 44. Kb1 Ra5 $11) 43... Kc5 44. Rc3+ (44. Qxf7 Ra8+ 45. Kb1 Qf6 $14) 44... Kb6 45. Rb3+ (45. Qxf7 Ra8+ 46. Kb1 Ra5 $11) 45... Kc5 46. Rc3+ (46. Qxf7 Ra8+ 47. Kb1 Qf6 $14) 46... Kb6) 40... Qf6 $11 (40... Kb7 41. Be4 Qf6 42. Qd4 (42. Qb4 Qd8 $11) 42... bxa5 43. Bf5 $18 (43. Rb3+ Kc7 $16)) 41. Qb4 Rb8 42. Ra3 {axb6+ would kill now.} (42. Qa3 Ra8 43. g5 Qd8 $17) 42... b5 {[#]} (42... cxd5 43. axb6+ Kb7 44. Ra7+ Kc8 45. Qf8+ Qd8 46. Rc7# (46. Qxg7 Rb7 $16)) 43. g5 $1 {[%mdl 512]} Qxg5 {White must now prevent ...Qf6.} 44. Qc5+ Ka6 {Hoping for ...Qg6.} 45. Bxc6 Qf6 46. Bd5 {aiming for Qc7.} Qd8 47. Rc3 f6 $2 (47... b4 $1 $11 {and Black stays safe.} 48. Re3 Rb5 49. Bb7+ Rxb7 50. Rxe5 Qd7 51. Qc4+ (51. Rd5 Rb5 52. Rxd7 Rxc5 $11) 51... Rb5 52. Rxb5 Qxb5 53. Qxf7 g5) 48. Be6 (48. b4 $18) 48... g5 $2 {[%mdl 8192]} (48... b4 $11 49. Bc8+ Rxc8 50. Qxc8+ Qxc8 51. Rxc8 Kxa5) 49. b4 $18 g4 50. Bc8+ Rxc8 51. Qxc8+ Qxc8 52. Rxc8 {[%mdl 4096] Endgame KR-KN} f5 53. Rf8 Nd3 54. Rf6+ (54. Rxf5 Nxb4+ 55. Kb3 Kxa5 $11) (54. Kb3 $142 f4 55. Rf6+ Kb7 56. Kc3 Nc1 57. Rf7+ Ka6 58. Rf6+ Kb7 59. Kd2) 54... Ka7 55. Rf7+ (55. Kb3 $142 g3 56. Rf7+ Ka8 57. Rg7) 55... Ka6 {[#]} 56. Kb3 $1 {White mates.} ({And not} 56. Rxf5 Nxb4+ 57. Kb2 g3 $11) 56... f4 57. Kc3 Nc1 58. Rf6+ Ka7 59. Kd2 g3 60. Rxf4 ({Don't capture} 60. Kxc1 $2 g2 61. Rg6 f3 62. Rg7+ Kb8 63. Rg8+ Kb7 $19) 60... Na2 61. Ke3 Ka6 62. Kf3 g2 63. Kxg2 Nxb4 64. Rxb4 Kxa5 65. Rb1 1-0

[Event "32nd Reykjavik Open 2017"]
[Site "Reykjavik"]
[Date "2017.04.27"]
[Round "10"]
[White "Beliavsky, Alexander G"]
[Black "Hambleton, Aman"]
[Result "1/2-1/2"]
[WhiteElo "2597"]
[BlackElo "2434"]
[Annotator "TA"]
[PlyCount "67"]
[EventDate "2017.??.??"]
[EventType "swiss"]
[EventCountry "ISL"]
[SourceTitle "playchess.com"]
[Source "ChessBase"]
[SourceQuality "1"]

{[%evp 8,67,3,2,28,19,21,8,27,12,22,10,10,9,14,0,0,0,0,2,3,0,19,0,16,16,16,19,46,37,41,50,62,62,63,63,64,62,61,53,49,58,68,76,76,-39,-39,-36,14,16,18,24,26,26,26,26,34,29,41,41,41,41]} 1. d4 Nf6 2. c4 e6 3. g3 d5 4. Bg2 Bb4+ 5. Bd2 {LiveBook: 618 Games. E01: Catalan: Early deviations} Bd6 6. Nf3 c6 (6... O-O 7. O-O Nbd7 8. Qc2 c6 9. Bf4 Bxf4 10. gxf4 b6 11. Ne5 Nxe5 12. fxe5 Ng4 13. Nd2 Ba6 14. cxd5 cxd5 15. Nf3 Nh6 16. Bh3 f5 17. Kh1 Kh8 18. Rg1 {½-½ (27) Andreikin,D (2736)-Carlsen,M (2840) Wijk aan Zee 2017}) 7. Qc2 {The position is equal.} Ne4 8. O-O O-O 9. Bf4 Bxf4 10. gxf4 Nd7 11. Nc3 Nd6 12. c5 Nf5 13. b4 b6 14. Rfd1 a5 15. a3 Qc7 16. e3 axb4 $146 (16... Bb7 17. Bh3 g6 18. Rdc1 b5 19. bxa5 Rxa5 20. Ra2 Rfa8 21. Rca1 Qd8 22. Bxf5 exf5 23. a4 bxa4 24. Rxa4 Rxa4 {½-½ (23) Wojtkiewicz,A (2495)-Skembris,S (2530) Athens 1992}) 17. axb4 Bb7 18. Na4 b5 19. Nc3 Rxa1 20. Rxa1 Ra8 21. Rxa8+ Bxa8 22. Qa2 Bb7 23. Qa7 Qb8 24. Qa5 Qa8 25. Qxa8+ Bxa8 26. e4 ({Better is} 26. Kf1 $16) 26... dxe4 $15 27. Nxe4 Nf6 28. Nxf6+ gxf6 $11 {[%mdl 4096] Endgame KBN-KBN} 29. Kf1 Bb7 30. Ke2 Bc8 31. Kd3 Ne7 32. Nd2 Nd5 33. Bxd5 exd5 34. Nf1 1/2-1/2

[Event "32nd Reykjavik Open 2017"]
[Site "Reykjavik"]
[Date "2017.04.27"]
[Round "10"]
[White "Donchenko, Alexander"]
[Black "Tarjan, James E"]
[Result "1-0"]
[WhiteElo "2554"]
[BlackElo "2414"]
[Annotator "TA"]
[PlyCount "95"]
[EventDate "2017.??.??"]
[EventType "swiss"]
[EventCountry "ISL"]
[SourceTitle "playchess.com"]
[Source "ChessBase"]
[SourceQuality "1"]

{[%evp 9,95,29,56,59,47,48,52,50,66,59,66,80,162,146,222,92,104,101,103,104,99,96,377,393,388,385,386,0,0,0,0,-147,-9,-6,67,64,240,234,219,224,195,197,276,287,322,306,332,320,322,310,374,329,342,245,282,281,329,335,350,348,414,399,408,347,325,341,353,336,536,539,617,598,693,684,673,672,673,643,622,664,643,648,643,632,580,515,629,610]} 1. d4 f5 2. g3 Nf6 3. Bg2 e6 {[%cal Be7e6,Be6e5][%mdl 32]} 4. c4 c6 5. Nh3 d6 {LiveBook: 87 Games. A90: Dutch Defence: Miscellaneous and Modern Stonewall (with ...Bd6)} (5... d5 6. O-O Bd6 7. Bf4 Be7 8. Qc2 O-O 9. Rd1 h6 10. Nc3 Qe8 11. Rac1 g5 12. Be5 Nbd7 13. f3 Nxe5 14. dxe5 Nd7 15. f4 dxc4 16. Nb1 gxf4 17. gxf4 {½-½ (55) Aronian,L (2792)-Carlsen,M (2855) Leuven 2016}) 6. b3 Qc7 $146 (6... g6 7. Bb2 Bg7 8. O-O O-O 9. Nf4 Na6 10. Nd2 Qe7 11. Nd3 Rd8 12. Re1 Ng4 13. h3 {½-½ (83) Rosenthal,J (2282)-Ulybin,M (2544) Winterthur 2010}) 7. Bb2 e5 {White is slightly better.} 8. O-O a5 9. Nd2 Na6 10. e4 fxe4 (10... Be7 $16) 11. Nxe4 $18 {Hoping for dxe5.} Bf5 (11... Be7 $16 {keeps fighting.}) 12. dxe5 (12. Nxf6+ $1 $18 gxf6 13. f4) 12... Nxe4 $16 13. Bxe4 Bxe4 14. exd6 Bxd6 15. Ng5 Bf5 $2 {[%mdl 8192]} (15... Nc5 $16 {was worth a try.}) 16. Re1+ $18 Kd7 {With the idea ...Kc8.} 17. Bxg7 Rhg8 18. Bf6 $2 (18. Qf3 Raf8 19. Bxf8 Rxf8 $18) ({White has to play} 18. Ne4 $18) 18... Kc8 $11 19. Qf3 $1 {[%cal Rf3f5]} Qd7 $1 20. Nf7 (20. Rad1 $11 Bg4 21. Rxd6 Bxf3 22. Rxd7 Kxd7 23. Nxf3) 20... Qxf7 (20... Bb4 $1 $17 21. Nh6 Rf8 22. Nxf5 Bxe1 23. Rxe1 Rxf6 24. Ne7+ Qxe7 $1 {[%mdl 512]} 25. Qg4+ Qd7 26. Re8+ Kc7 27. Qxd7+ Kxd7 28. Rxa8 a4 $1 {[%mdl 512]} 29. bxa4 Rf7) 21. Qxf5+ Qd7 (21... Kb8 $1 $11) 22. Qh5 $1 $14 {Threatens to win with Rad1.} Kc7 $2 {[#]} (22... Nc7 $14) 23. Rad1 $1 $18 {[%cal Rd1d6]} Rae8 24. Be5 (24. Qxa5+ Kc8 $11) 24... Rxe5 25. Rxe5 {aiming for c5.} Qg7 (25... b6 {is a better defense.} 26. Rf5 Rg6) 26. Rf5 (26. Rxa5 $6 Qe7 27. Rf5 Rg7 $18) 26... Qg6 27. Rf7+ (27. Rxa5 Rf8 $16) 27... Kb6 28. Qxg6 ({But not} 28. Rxh7 $6 Qxh5 29. Rxh5 Bb4 $18) (28. Qxh7 Qxh7 29. Rxh7 Ba3) 28... Rxg6 29. Rxh7 Nc5 30. h4 Ne4 31. Rd4 Re6 32. Rf7 Bc5 33. Rd3 a4 34. bxa4 Ka5 35. Kg2 ({Less strong is} 35. Rxb7 Bxf2+ 36. Kg2 Nc5 37. Ra7+ (37. Kxf2 Nxd3+ 38. Kf3 Rh6 $14) 37... Kb6 $16) 35... Kb4 36. Rxb7+ Kxc4 37. Rf3 Bd4 38. a5 {[%cal Ba4a5,Ba5a6][%mdl 32]} Nc3 (38... Nc5 $142) 39. a6 {White is clearly winning.} Re2 40. a3 Ra2 41. Rb4+ Kd5 42. Rxc3 {And now Rxd4+! would win.} Bxc3 {[%mdl 4096] Endgame KRB-KR} 43. Ra4 {Strongly threatening a7.} Bd4 44. a7 Rxf2+ 45. Kh3 Bxa7 46. Rxa7 c5 47. h5 c4 48. Rc7 1-0

[Event "32nd Reykjavik Open 2017"]
[Site "Reykjavik"]
[Date "2017.04.27"]
[Round "10"]
[White "Ziska, Helgi Dam"]
[Black "Ahlander, Bjorn"]
[Result "1/2-1/2"]
[WhiteElo "2553"]
[BlackElo "2416"]
[Annotator "TA"]
[PlyCount "81"]
[EventDate "2017.??.??"]
[EventType "swiss"]
[EventCountry "ISL"]
[SourceTitle "playchess.com"]
[Source "ChessBase"]
[SourceQuality "1"]

{[%evp 12,81,44,24,91,95,96,96,81,84,92,93,62,35,35,34,50,32,40,33,30,33,29,29,25,44,54,54,42,11,79,47,39,11,6,2,7,8,23,7,17,18,10,18,19,19,114,8,85,75,90,25,31,31,31,32,32,31,49,34,39,0,0,0,0,0,0,0,0,0,0,0]} 1. e4 c5 2. Nf3 d6 3. Bb5+ Nd7 4. O-O a6 5. Bd3 {B51: Sicilian: Moscow Variation (3 Bb5+) without 3...Bd7} Ngf6 6. Re1 b5 (6... e6 7. c3 b5 8. Bc2 c4 9. a4 Bb7 10. d4 cxd3 11. Bxd3 bxa4 12. Qxa4 Be7 13. h3 O-O 14. Be3 Qc7 15. Nbd2 Rfb8 16. Qa5 Bd8 17. Qxc7 Bxc7 18. b4 {½-½ (18) Nakamura,H (2785)-Vachier Lagrave,M (2796) Sharjah 2017}) 7. a4 {LiveBook: 9 Games. White is slightly better.} Bb7 (7... b4 $11 {remains equal.}) 8. axb5 $16 axb5 9. Rxa8 Qxa8 10. Bxb5 Bxe4 11. Nc3 Bxf3 12. Qxf3 (12. gxf3 $5 {is interesting.} e6 13. d4 Be7 14. Bg5 Qc8 15. Bxf6 Bxf6 16. Ne4) 12... Qxf3 13. gxf3 e6 $146 14. d3 Kd8 15. Bf4 g5 16. Bg3 ({But not} 16. Bxg5 Rg8 17. h4 h6 $17) 16... h5 {[#] And now ...h4 would win.} 17. h4 gxh4 $1 18. Bxh4 {Strongly threatening Bxd7.} Kc7 19. Ra1 Kb7 20. Kf1 Rh6 (20... Bg7 $11) 21. Ne4 Nxe4 22. fxe4 Ne5 23. Ke2 Ng6 24. Bg3 Be7 25. c3 h4 26. Bh2 Rh8 27. f4 {[%cal Bf2f4,Bf4f5][%mdl 32]} Bf6 28. Bc4 Rb8 (28... Rg8 $11) 29. Ke3 (29. f5 $16 Ne5 30. fxe6 Nxc4 31. dxc4 fxe6 32. Bxd6) 29... Nf8 (29... h3 $11) 30. f5 Rd8 31. d4 ({Better is} 31. fxe6 $16 Bg5+ 32. Ke2 fxe6 33. Rg1) 31... cxd4+ $11 32. cxd4 d5 33. exd5 exd5 34. Bb3 {Black must now prevent Ra5.} Nh7 35. Kd3 {Hoping for Ra5.} Bg5 36. Ra5 Nf6 {The position is equal.} 37. Be5 h3 38. Bxf6 Bxf6 39. Rxd5 ({Don't take} 39. Bxd5+ $2 {[#]} Rxd5 $1 {[%mdl 512]} 40. Ra1 Rxd4+ 41. Ke3 Rb4 $19) 39... h2 40. Rxd8 Bxd8 41. Bd5+ 1/2-1/2

[Event "32nd Reykjavik Open 2017"]
[Site "Reykjavik"]
[Date "2017.04.27"]
[Round "10"]
[White "Hjartarson, Johann"]
[Black "Thorfinnsson, Bjorn"]
[Result "1-0"]
[WhiteElo "2536"]
[BlackElo "2413"]
[Annotator "TA"]
[PlyCount "79"]
[EventDate "2017.??.??"]
[EventType "swiss"]
[EventCountry "ISL"]
[SourceTitle "playchess.com"]
[Source "ChessBase"]
[SourceQuality "1"]

{[%evp 21,79,76,78,0,0,0,0,0,0,0,0,-126,-62,-55,-49,-50,-65,-65,-26,-101,-60,-72,0,0,54,64,64,48,58,44,58,59,64,55,47,41,43,38,91,91,91,79,82,91,302,302,320,279,313,311,311,287,29978,29979,29979,29980,29980,29981,29980,29981]} 1. e4 e5 2. Nf3 Nc6 3. Bb5 f5 4. Nc3 fxe4 5. Nxe4 d5 6. Nxe5 dxe4 7. Nxc6 Qg5 8. Qe2 Nf6 9. f4 Qxf4 10. d4 Qh4+ 11. g3 {C63: Ruy Lopez: Schliemann/Jaenisch Defence} Qh3 {LiveBook: 21 Games. White must now prevent ...a6.} 12. Nxa7+ (12. Bg5 $1 $16) 12... Bd7 $11 13. Bxd7+ {The position is equal.} Qxd7 14. Nb5 Bb4+ $146 (14... c6 15. Nc3 Qxd4 16. Be3 Qb4 17. O-O-O Be7 18. Rd4 Qa5 {1-0 (36) Skoberne,J (2484)-Villeneuve,A (2276) Rijeka 2007}) 15. c3 Be7 16. b4 (16. a4 $11 {keeps the balance.}) 16... O-O (16... c6 $17 17. Na3 Nd5) 17. O-O $1 $15 c6 18. Na3 $1 Nd5 19. Rxf8+ Bxf8 (19... Rxf8 $5 {seems wilder.} 20. Bd2 e3 21. Bxe3 Nxc3 22. Qd3 Bxb4 23. Nc2 Nd5) 20. Nb1 {[#]} (20. Qe1 $11) 20... Nxb4 $1 {[%mdl 512]} 21. Nd2 (21. cxb4 Qxd4+) 21... Nc2 ({Of course not} 21... Rxa2 $6 22. Rxa2 Nxa2 23. Bb2 $11) (21... Nd5 $1 $17 {[%cal Rd5c3]} 22. Nxe4 Nxc3 23. Qc4+ (23. Nxc3 Qxd4+ 24. Kh1 Bb4 $17) 23... Qd5 24. Qxc3 Qxe4) 22. Rb1 $11 Nxd4 ({Black should try} 22... e3 $11 23. Ne4 Nxd4 24. cxd4 Qxd4) 23. cxd4 $14 Qxd4+ 24. Kh1 Rxa2 25. Qxe4 ({Not} 25. Rxb7 e3 26. Nf3 (26. Qf3 Qd5 27. Rb8 Qxf3+ 28. Nxf3 Ra1 $17) 26... Rxe2 $17) 25... Qxe4+ 26. Nxe4 Re2 27. Nc3 Rc2 28. Nd1 b5 29. Bf4 Ba3 (29... Ra2 $14) 30. Ne3 $16 Rc1+ 31. Rxc1 Bxc1 32. Kg2 g5 $2 (32... Kf7 $16 {was necessary.}) 33. Bxg5 $18 b4 {[#] aiming for ...b3.} 34. Bf4 $1 b3 35. Nc4 b2 {[#]} 36. Na3 $1 Bxf4 $2 (36... Kg7 $18 37. Kf3 Kg6) 37. gxf4 {[%cal Bg3f4,Bf4f5][%mdl 32] White mates.} Kf7 38. Kf3 Kf6 39. Ke4 Ke6 40. f5+ 1-0

[Event "32nd Reykjavik Open 2017"]
[Site "Reykjavik"]
[Date "2017.04.27"]
[Round "10"]
[White "Friedel, Joshua E"]
[Black "Batchimeg, Tuvshintugs"]
[Result "1/2-1/2"]
[WhiteElo "2524"]
[BlackElo "2394"]
[Annotator "TA"]
[PlyCount "82"]
[EventDate "2017.??.??"]
[EventType "swiss"]
[EventCountry "ISL"]
[SourceTitle "playchess.com"]
[Source "ChessBase"]
[SourceQuality "1"]

{[%evp 24,82,42,35,56,37,33,22,36,14,54,40,47,39,49,39,64,40,47,12,49,0,0,0,79,59,59,58,136,100,109,85,50,0,0,0,0,0,0,0,0,0,23,0,11,8,8,-8,9,4,0,1,8,0,31,49,81,11,18,20,45]} 1. Nf3 Nf6 2. c4 g6 3. g3 Bg7 4. Bg2 {[%cal Bf1g2,Bg2f3,Bf3g4,Bg4e6][%mdl 32]} O-O 5. O-O d6 6. d4 Nc6 7. Nc3 Bg4 8. h3 Bxf3 9. Bxf3 Nd7 10. e3 e5 11. d5 Ne7 12. e4 f5 13. h4 {[#]} f4 $146 {E62: King's Indian: Fianchetto: 6...c6 and Panno Variation (6...Nc6) without ...a6} ({Predecessor (21):} 13... Nf6 14. Bg5 h6 15. Bxf6 Bxf6 16. h5 Qe8 17. Kg2 Bg5 18. Rh1 Qf7 19. Qe2 Kg7 20. hxg6 Nxg6 21. exf5 Qxf5 22. Bg4 Qf7 23. Ne4 Ne7 24. Rh5 Qg6 25. Rah1 {1-0 (25) Sakaev,K (2594)-Novikov,S (2550) Jurmala 2015}) 14. Bg4 Kh8 15. Rb1 Ng8 16. b4 Nh6 17. Be6 a5 18. a3 axb4 19. axb4 Nf6 20. Rb3 ({Much worse is} 20. gxf4 Nh5 21. Qf3 Nxf4 22. Bxf4 exf4 $17) 20... Ra1 21. Qd3 ({Much weaker is} 21. gxf4 Nh5 22. Qd3 Qxh4 $17) 21... Nh5 {[#] And now ...fxg3 would win.} (21... fxg3 $5 {with more complications.} 22. fxg3 Qa8 23. Rb1 Rxb1 24. Nxb1 Nhg4) 22. Ra3 (22. Nb1 $5 {creates asymmetry.} fxg3 23. fxg3 Rxf1+ 24. Kxf1 Ng8 25. Kg1) 22... Rxa3 23. Bxa3 fxg3 (23... Bf6 $11) 24. fxg3 $16 Rxf1+ 25. Kxf1 Qf6+ (25... Ng8 $14) 26. Ke2 g5 27. Qf3 Qg6 28. Bf5 g4 29. Bxg6 gxf3+ 30. Kxf3 hxg6 31. Nb5 Nf7 32. Nxc7 Nd8 33. Bc1 Bf6 34. c5 {With the idea Ne8.} Be7 35. Be3 Ng7 36. Nb5 dxc5 37. bxc5 Kg8 38. Na3 Ne8 39. Nc4 Bf6 40. g4 ({White should try} 40. Bf2 $16) 40... Bxh4 $11 41. Nxe5 Kg7 1/2-1/2

[Event "32nd Reykjavik Open 2017"]
[Site "Reykjavik"]
[Date "2017.04.27"]
[Round "10"]
[White "Harika, Dronavalli"]
[Black "Pfreundt, Jakob"]
[Result "1-0"]
[WhiteElo "2521"]
[BlackElo "2392"]
[Annotator "TA"]
[PlyCount "87"]
[EventDate "2017.??.??"]
[EventType "swiss"]
[EventCountry "ISL"]
[SourceTitle "playchess.com"]
[Source "ChessBase"]
[SourceQuality "1"]

{[%evp 24,87,2,0,0,0,7,0,10,0,4,8,46,0,0,0,46,38,36,34,45,58,41,28,379,377,370,351,445,460,1006,1027,1013,994,1005,957,956,999,969,957,979,966,1282,1278,1267,1248,1208,1184,1178,1160,1150,1136,1077,1066,1914,1950,1826,1668,1619,1658,2310,1250,1231,1188,1781,1725]} 1. e4 e5 2. Nf3 Nc6 3. Bc4 Nf6 4. d3 Bc5 5. O-O O-O 6. Re1 h6 7. c3 d6 8. h3 a6 9. Bb3 Ba7 10. Nbd2 Nh5 11. Nf1 Qf6 12. Be3 Bxe3 {C54: Giuoco Piano: 4 c3 Nf6, main lines with 5 d4 and 5 d3} 13. fxe3 {LiveBook: 9 Games} (13. Rxe3 Nf4 14. a3 Ne7 15. d4 Neg6 16. Ng3 h5 17. Bc2 Ne7 18. Qf1 h4 19. dxe5 dxe5 20. Nf5 {½-½ (46) Xiong,J (2674)-Sevian,S (2587) Saint Louis 2017}) 13... Qg6 14. Kh2 Nf6 $146 {The position is equal.} (14... Be6 15. g4 Nf6 16. Nh4 Qg5 17. Nf3 Qg6 18. Ng3 Rae8 19. Rg1 Ne7 20. Qe2 Bxb3 21. axb3 {½-½ (43) Efremov,A (2522)-Osterman,G (2486) ICCF email 2012}) 15. Ng3 h5 16. Qe2 Qh6 17. Nh4 Qg5 18. Nf3 Qh6 19. Nh4 Qg5 20. Ngf5 Bxf5 21. Nxf5 Kh7 22. Rf1 {[%cal Be1f1,Bf1f3,Bf3f5][%mdl 32]} g6 23. Rf3 {[#] Hoping for Rg3.} ({Wrong is} 23. h4 $2 Qg4 24. Qxg4 Nxg4+ 25. Kg1 gxf5 $19) 23... gxf5 $2 {[%mdl 8192]} (23... Ng4+ $1 $11 24. Kg1 gxf5) 24. Rxf5 $18 Qg6 25. Raf1 Ng8 26. Bxf7 {White is clearly winning.} Qg7 (26... Rxf7 $142 27. Rxf7+ Kh6 28. Rxc7 Rb8) 27. Qxh5+ Nh6 28. Rf6 Ne7 29. g4 {[%cal Bg2g4,Bg4g5,Bg5f6][%mdl 32]} Neg8 30. Bxg8+ Kxg8 31. g5 Rxf6 32. Rxf6 Qxf6 33. gxf6 {[%mdl 4096] [#] Endgame White threatens Qg6+ and mate. KQ-KRN} Kh7 34. d4 Rf8 35. dxe5 dxe5 36. Qxe5 Kg6 37. Qg3+ Kxf6 38. e5+ {[%cal Be4e5,Be5e6,Be6e7][%mdl 32]} Kf7 39. Qf4+ Kg7 40. Qg5+ Kh7 41. e6 Rg8 42. Qe7+ Rg7 43. Qh4 Kg6 44. e7 1-0

[Event "32nd Reykjavik Open 2017"]
[Site "Reykjavik"]
[Date "2017.04.27"]
[Round "10"]
[White "Bailet, Pierre"]
[Black "Timmermans, Mark"]
[Result "1-0"]
[WhiteElo "2510"]
[BlackElo "2385"]
[Annotator "TA"]
[PlyCount "153"]
[EventDate "2017.??.??"]
[EventType "swiss"]
[EventCountry "ISL"]
[SourceTitle "playchess.com"]
[Source "ChessBase"]
[SourceQuality "1"]

{[%evp 8,153,11,2,35,9,25,16,29,11,36,2,37,29,41,38,33,24,34,20,25,13,16,7,11,2,8,7,20,16,5,16,26,0,87,81,84,85,81,81,102,102,147,102,163,163,163,121,163,127,163,80,163,81,84,91,147,94,92,92,94,94,183,192,186,137,116,80,143,136,256,191,261,261,246,254,255,231,198,150,191,150,150,150,150,150,178,150,193,150,150,150,150,143,143,143,143,143,143,143,133,106,106,106,126,126,131,126,126,123,123,97,97,97,97,97,97,97,97,97,97,97,97,97,97,97,97,97,97,97,97,97,97,97,97,97,97,97,97,41,41,41,29977,29972,29976,29976,29976,29977]} 1. c4 b6 2. Nc3 Bb7 3. e4 e5 {A10: English Opening: Unusual Replies for Black} 4. g3 Bc5 (4... Nc6 5. Bg2 Bc5 6. Nge2 Nge7 7. Na4 O-O 8. Nxc5 bxc5 9. O-O d6 10. d3 Rb8 11. f4 {0-1 (31) Tomashevsky,E (2716)-Dubov,D (2660) Doha 2016}) 5. Bg2 {LiveBook: 3 Games} Nf6 {The position is equal.} (5... Nc6 $5 {is more complex.} 6. d3 d6 7. a3 a5 8. Be3 Nf6) 6. h3 d6 7. Nge2 Nc6 8. d3 O-O 9. O-O Nd7 $146 (9... Ne7 10. a3 a5 {½-½ (68) Noe,C (1798)-Adiyaman,R (1636) Arendsee 2009}) 10. Rb1 a5 11. a3 Bd4 12. Nxd4 Nxd4 13. Be3 c5 14. b4 axb4 15. axb4 Bc6 16. Kh2 Ra3 17. Qc1 Qa8 18. b5 Bb7 19. Ra1 $36 {[%mdl 2048] White has the initiative.} Rxa1 20. Qxa1 Qxa1 (20... f5 $11) 21. Rxa1 $16 Ra8 22. Rxa8+ Bxa8 23. h4 Ne6 24. Bh3 Nef8 25. f4 f6 (25... Ne6 $16 {might work better.}) 26. Kg2 $18 Kf7 27. Kf2 Ke7 28. Na4 Kd8 29. g4 (29. f5 $18 {and White stays clearly on top.}) 29... Kc7 (29... exf4 $16 {is a better defense.} 30. Bxf4 Kc7) 30. g5 (30. f5 $1 $18) 30... exf4 $16 31. Bxf4 Ng6 ({Black should try} 31... fxg5 32. hxg5 (32. Bxg5 Ne5 $14) 32... Ne5) 32. Bg3 (32. Bxd7 $142 $1 Nxf4 33. gxf6 gxf6 34. Bf5) 32... Nge5 33. Ke3 fxg5 34. hxg5 h6 (34... Nf8 $16) 35. gxh6 gxh6 36. Bf5 Nf6 37. Bh4 Nfg4+ (37... Ne8 $142) 38. Kf4 h5 (38... Nh2 $16 {was called for.}) 39. Nb2 $18 Nh2 (39... Bb7 {was necessary.} 40. Kg5 Nf3+ 41. Kxh5 Nge5) 40. Kg5 $1 Nhf3+ 41. Kxh5 Nxh4 42. Kxh4 {[%mdl 4096] Endgame KBN-KBN} Bb7 43. Kg3 Kd8 44. Kf4 Kc7 45. Ke3 Kd8 46. Nd1 Kc7 47. Nf2 Kd8 48. Nh3 Ke7 49. Nf4 Kd8 50. Be6 Ke7 51. Bg8 Ng4+ 52. Kd2 Ne5 53. Kc3 Nf3 54. Ne6 Kd7 55. Ng7 Ke7 56. Nf5+ Kd7 57. Bd5 Bxd5 58. cxd5 $16 {KN-KN} Kc7 59. d4 cxd4+ 60. Nxd4 Ne5 61. Nc6 Nd7 62. Kd4 Nc5 63. Nb4 {And now Na6+ would win.} Kd7 64. Nd3 Nb3+ 65. Kc3 Na5 66. Nf4 Nb7 67. Ne6 Na5 68. Nd4 Nb7 69. Nb3 Ke7 70. Kd4 Kd7 71. Nd2 {Hoping for Nc4.} Kc7 72. Nc4 {aiming for e5.} Nc5 73. e5 (73. Nb2 $16) 73... dxe5+ $14 74. Kxe5 {Strongly threatening d6+.} Na4 $2 {[%mdl 8192]} (74... Nd3+ $14 75. Kf5 Nc5) 75. Kd4 {White mates.} Kd7 {[#]} 76. Ne5+ $1 Kc7 {[#]} 77. Nd3 $1 1-0